[Event "10. Open Internacional de Galapagar"]
[Site "Galapagar ESP"]
[Date "2009.07.21"]
[Round "4.22"]
[White "Navarro Martin, Carlos"]
[Black "Campos Calvo Sotelo, Javier"]
[Result "0-1"]
[WhiteElo "1737"]
[BlackElo "2046"]
[PlyCount "58"]
[EventDate "2009.07.18"]
[EventType "swiss"]
[EventRounds "9"]
[EventCountry "ESP"]
[Source "lmi"]
[SourceDate "2009.07.18"]

1. f4 b5 2. Nf3 Bb7 3. e3 a6 4. b3 Nf6 5. Bb2 e6 6. Be2 Be7 7. O-O O-O 8. Qe1
c5 9. Nc3 d6 10. Qg3 Ne8 11. Nd1 Bf6 12. d4 Nc6 13. Nf2 g6 14. h4 cxd4 15. exd4
Ng7 16. Ng4 Nh5 17. Nxf6+ Qxf6 18. Qe1 Qxf4 19. Bd3 Qg3 20. Rf2 Nf4 21. Kh1 Ne7
22. Bf1 Nf5 23. Bc1 Bxf3 24. Bxf4 Qxf4 25. Rxf3 Qxd4 26. g3 Rac8 27. c4 Rc5 28.
Rd1 Re5 29. Rxd4 Rxe1 0-1

[Event "10. Open Internacional de Galapagar"]
[Site "Galapagar ESP"]
[Date "2009.07.21"]
[Round "4.23"]
[White "Toranzo Fernandez, Dionisio"]
[Black "Saiz Lopez, Antonio"]
[Result "1/2-1/2"]
[WhiteElo "2045"]
[BlackElo "1908"]
[PlyCount "112"]
[EventDate "2009.07.18"]
[EventType "swiss"]
[EventRounds "9"]
[EventCountry "ESP"]
[Source "lmi"]
[SourceDate "2009.07.18"]

1. Nf3 Nf6 2. c4 c6 3. d4 e6 4. g3 d5 5. Qc2 Ne4 6. Bg2 Bd6 7. O-O Nd7 8. b3
O-O 9. Nbd2 f5 10. Bb2 Nxd2 11. Qxd2 f4 12. Ne5 fxg3 13. hxg3 Nf6 14. Bc3 Bd7
15. Bb4 Qe7 16. Bxd6 Qxd6 17. b4 Be8 18. a4 Rd8 19. c5 Qc7 20. Rab1 Nd7 21.
Nxd7 Rxd7 22. Qe3 Re7 23. f4 Bg6 24. Rb2 Bf5 25. Qc3 g5 26. e3 Rg7 27. Kf2 Rf6
28. Bf3 Rfg6 29. Bh5 Rh6 30. Rh1 gxf4 31. exf4 Rf6 32. Re2 Qd8 33. Qe3 Qc7 34.
Rh4 Kh8 35. Qe5 Qxe5 36. Rxe5 Re7 37. Re3 Be4 38. Bf3 Bg6 39. Rh1 Kg7 40. b5
Rf8 41. Rb3 Kf6 42. Re1 Rg8 43. g4 Bc2 44. Rb4 Be4 45. bxc6 bxc6 46. Re2 Reg7
47. g5+ Kg6 48. Bxe4+ dxe4 49. Rxe4 Re7 50. Kf3 h6 51. gxh6 Rh8 52. Re2 Rxh6
53. Rg2+ Kf7 54. Ke4 Rh1 55. Re2 Rh3 56. Rf2 Rh1 1/2-1/2

[Event "10. Open Internacional de Galapagar"]
[Site "Galapagar ESP"]
[Date "2009.07.21"]
[Round "4.24"]
[White "Garcia Burguillo, Javier"]
[Black "Beltran de Heredia Eguiaz, Miguel A"]
[Result "0-1"]
[WhiteElo "1702"]
[BlackElo "2041"]
[PlyCount "42"]
[EventDate "2009.07.18"]
[EventType "swiss"]
[EventRounds "9"]
[EventCountry "ESP"]
[Source "lmi"]
[SourceDate "2009.07.18"]

1. e4 e5 2. Nf3 Nc6 3. Bc4 Bc5 4. d3 Nf6 5. c3 a6 6. O-O Ba7 7. b4 d6 8. a4 a5
9. b5 Ne7 10. Qb3 O-O 11. Nbd2 Ng6 12. Re1 h6 13. Nf1 Nh5 14. Be3 Ngf4 15. Ng3
Bg4 16. Nxh5 Nxh5 17. Bxa7 Rxa7 18. Nd2 Nf4 19. Nf1 Qg5 20. Ne3 Nxg2 21. Nxg2
Bf3 0-1

[Event "10. Open Internacional de Galapagar"]
[Site "Galapagar ESP"]
[Date "2009.07.21"]
[Round "4.25"]
[White "Sotoca Aguado, Jose"]
[Black "Algaba Traspuesto, Jose Antonio"]
[Result "1-0"]
[WhiteElo "2023"]
[BlackElo "1746"]
[PlyCount "39"]
[EventDate "2009.07.18"]
[EventType "swiss"]
[EventRounds "9"]
[EventCountry "ESP"]
[Source "lmi"]
[SourceDate "2009.07.18"]

1. e4 e6 2. d4 d5 3. Nc3 Bb4 4. e5 c5 5. a3 Bxc3+ 6. bxc3 Qc7 7. Bd3 Nc6 8. Nf3
Bd7 9. O-O Nge7 10. a4 c4 11. Be2 O-O-O 12. Ba3 Rdf8 13. Qc1 f6 14. Bd6 Qa5 15.
Qa3 Rf7 16. Rfb1 Nf5 17. Rb5 Qa6 18. Rab1 Na5 19. Qc5+ Bc6 20. Rxa5 1-0

[Event "10. Open Internacional de Galapagar"]
[Site "Galapagar ESP"]
[Date "2009.07.21"]
[Round "4.26"]
[White "Longa Yauca, Javier"]
[Black "Moreno Antonio, Mario"]
[Result "1-0"]
[WhiteElo "2293"]
[BlackElo "1890"]
[PlyCount "45"]
[EventDate "2009.07.18"]
[EventType "swiss"]
[EventRounds "9"]
[EventCountry "ESP"]
[Source "lmi"]
[SourceDate "2009.07.18"]

1. e4 e6 2. d4 d5 3. e5 c5 4. c3 Nc6 5. Nf3 cxd4 6. cxd4 Bb4+ 7. Nc3 Nge7 8.
Bd3 h6 9. O-O a6 10. Ne2 Ba5 11. g4 Ng6 12. Be3 Nh4 13. Nxh4 Qxh4 14. Ng3 Bd7
15. Rc1 Qe7 16. Nh5 f5 17. gxf5 exf5 18. Nf4 Qf7 19. Be2 g6 20. Bf3 Be6 21. Qa4
b5 22. Rxc6 bxa4 23. Rxe6+ 1-0

[Event "10. Open Internacional de Galapagar"]
[Site "Galapagar ESP"]
[Date "2009.07.21"]
[Round "4.27"]
[White "Valderrama Arroyo, Victor"]
[Black "Torres Samper, Rafael"]
[Result "0-1"]
[WhiteElo "1882"]
[BlackElo "2061"]
[PlyCount "94"]
[EventDate "2009.07.18"]
[EventType "swiss"]
[EventRounds "9"]
[EventCountry "ESP"]
[Source "lmi"]
[SourceDate "2009.07.18"]

1. d4 Nf6 2. c4 c5 3. d5 e6 4. Nc3 exd5 5. cxd5 d6 6. e4 g6 7. Nf3 Bg7 8. Bd3
O-O 9. Bf4 a6 10. a4 Nh5 11. Bg5 Bf6 12. Bxf6 Qxf6 13. e5 dxe5 14. Ne4 Qd8 15.
Bc4 Bf5 16. Ng3 Bg4 17. h3 Bxf3 18. Qxf3 Qa5+ 19. Qc3 Qxc3+ 20. bxc3 Nxg3 21.
fxg3 Nd7 22. Rb1 Nf6 23. Kd2 Ne4+ 24. Kc2 Nxg3 25. Rhe1 Nf5 26. Rxe5 Rfe8 27.
Rbe1 Kf8 28. Bd3 Nd6 29. c4 Rxe5 30. Rxe5 Re8 31. Rxe8+ Kxe8 32. Kd2 Ke7 33.
Ke3 Kf6 34. Kf4 a5 35. h4 h6 36. g3 Nc8 37. Bc2 Nb6 38. Bb3 Nd7 39. g4 g5+ 40.
hxg5+ hxg5+ 41. Kf3 Ke5 42. Ke3 Nb6 43. Kd3 Kf4 44. Bd1 Nd7 45. Be2 Ne5+ 46.
Kc3 f5 47. gxf5 g4 0-1

[Event "10. Open Internacional de Galapagar"]
[Site "Galapagar ESP"]
[Date "2009.07.21"]
[Round "4.28"]
[White "Esquivias Gomez, Francisco Javier"]
[Black "Tolosana Esteban, Enrique"]
[Result "1-0"]
[WhiteElo "2009"]
[BlackElo "1861"]
[PlyCount "81"]
[EventDate "2009.07.18"]
[EventType "swiss"]
[EventRounds "9"]
[EventCountry "ESP"]
[Source "lmi"]
[SourceDate "2009.07.18"]

1. e4 c5 2. c4 e5 3. g3 g6 4. Bg2 Nc6 5. Ne2 h5 6. h4 Nge7 7. d3 d6 8. O-O Bg7
9. Be3 Be6 10. Qd2 Qd7 11. Nbc3 O-O 12. Nd5 Bxd5 13. cxd5 Nd4 14. Kh2 Kh7 15.
Ng1 f5 16. f4 Ng8 17. Nh3 Nh6 18. Ng5+ Kg8 19. Bh3 Bf6 20. fxe5 Bxe5 21. Bxd4
cxd4 22. Ne6 Ng4+ 23. Bxg4 hxg4 24. Nxf8 Rxf8 25. exf5 gxf5 26. Qg5+ Kh7 27.
Qh5+ Kg8 28. Rac1 f4 29. Qg5+ Kh7 30. gxf4 Bf6 31. Qh5+ Kg8 32. f5 Be5+ 33. Kg1
g3 34. Qg6+ Kh8 35. Qh6+ Kg8 36. Qe6+ Qxe6 37. fxe6 Bf4 38. Rc7 Be3+ 39. Kg2
Bf2 40. Rfc1 Rf5 41. Rxb7 1-0

[Event "10. Open Internacional de Galapagar"]
[Site "Galapagar ESP"]
[Date "2009.07.21"]
[Round "4.29"]
[White "Osorio Ramos, Francisco"]
[Black "Galan Aguado, Fernando"]
[Result "1-0"]
[WhiteElo "1953"]
[BlackElo "1793"]
[PlyCount "113"]
[EventDate "2009.07.18"]
[EventType "swiss"]
[EventRounds "9"]
[EventCountry "ESP"]
[Source "lmi"]
[SourceDate "2009.07.18"]

1. d4 d5 2. c4 c6 3. Nf3 e6 4. Nc3 Nf6 5. Bg5 h6 6. Bxf6 Qxf6 7. e3 g6 8. Bd3
Bg7 9. O-O O-O 10. Rc1 Nd7 11. e4 dxe4 12. Nxe4 Qe7 13. c5 Nf6 14. Nd6 Rd8 15.
Ne5 Rf8 16. Re1 Ne8 17. Ndc4 Qd8 18. Bb1 Nf6 19. Nd6 Ne8 20. Nxe8 Rxe8 21. Nf3
Qf6 22. Qe2 Rd8 23. Rcd1 Bd7 24. Ne5 Be8 25. Rd3 Rd5 26. Red1 Qd8 27. Nf3 Qf6
28. a3 Rad8 29. Ba2 R5d7 30. b4 Qf4 31. g3 Qc7 32. Qe3 a5 33. Bc4 axb4 34. axb4
b5 35. Ba2 Ra8 36. Ra3 Rxa3 37. Qxa3 e5 38. d5 cxd5 39. Rxd5 Rxd5 40. Bxd5 Qd8
41. Qb3 Qf6 42. Nd2 Bf8 43. Ne4 Qa6 44. Kg2 Kg7 45. Qc3 f6 46. Qb3 Bc6 47. Nc3
Bxd5+ 48. Qxd5 Qa3 49. Qd7+ Kg8 50. Nd5 Bg7 51. Qxb5 Qa2 52. c6 Qc2 53. c7 Kh7
54. Qf1 Qc6 55. Kg1 Bf8 56. b5 Qb7 57. Qc4 1-0

[Event "10. Open Internacional de Galapagar"]
[Site "Galapagar ESP"]
[Date "2009.07.21"]
[Round "4.30"]
[White "Cuadrado Lopez, Francisco Javier"]
[Black "Diaz Begonte, Manuel"]
[Result "1-0"]
[WhiteElo "1937"]
[BlackElo "1782"]
[PlyCount "125"]
[EventDate "2009.07.18"]
[EventType "swiss"]
[EventRounds "9"]
[EventCountry "ESP"]
[Source "lmi"]
[SourceDate "2009.07.18"]

1. Nf3 d5 2. g3 c6 3. Bg2 Nd7 4. O-O e5 5. d3 Bd6 6. Nbd2 Ne7 7. e4 d4 8. Nc4
Bc7 9. c3 c5 10. cxd4 cxd4 11. Qa4 O-O 12. Qa3 Ng6 13. Bd2 Nb6 14. b3 Bg4 15.
h3 Bxf3 16. Bxf3 Nxc4 17. bxc4 Qd7 18. Bg4 Qc6 19. Rab1 Bd6 20. Qb3 b6 21. h4
Bc5 22. Qd1 Ne7 23. Bh3 f5 24. exf5 Nxf5 25. Bg2 Qg6 26. h5 Qd6 27. Bxa8 Rxa8
28. Qf3 Rf8 29. Qe4 Qf6 30. Rbe1 Bd6 31. a4 a5 32. Rb1 Bb4 33. Bxb4 axb4 34.
Qf3 Qd6 35. Qd5+ Qxd5 36. cxd5 Ne7 37. d6 Nd5 38. Rfe1 Rd8 39. Rxe5 Rxd6 40. f4
Kf7 41. Kf2 Kf6 42. Kf3 h6 43. Rb2 g6 44. hxg6 Kxg6 45. Rxd5 Rxd5 46. Rxb4 Rd6
47. Ke4 Re6+ 48. Kxd4 Kf5 49. Rb5+ Kg4 50. Re5 Rd6+ 51. Ke4 Kxg3 52. f5 h5 53.
Re6 Rd7 54. Rg6+ Kh3 55. Rxb6 Ra7 56. Rb4 h4 57. Kf3 Rg7 58. f6 Rg3+ 59. Kf2
Rxd3 60. f7 Rd2+ 61. Ke3 Rd8 62. Rf4 Rf8 63. Kf3 1-0

[Event "10. Open Internacional de Galapagar"]
[Site "Galapagar ESP"]
[Date "2009.07.21"]
[Round "4.31"]
[White "Lopez Heras, Arturo"]
[Black "Martinez Gomez, Ana Maria"]
[Result "1-0"]
[WhiteElo "1931"]
[BlackElo "1580"]
[PlyCount "83"]
[EventDate "2009.07.18"]
[EventType "swiss"]
[EventRounds "9"]
[EventCountry "ESP"]
[Source "lmi"]
[SourceDate "2009.07.18"]

1. e4 c5 2. Nf3 Nc6 3. c3 d5 4. e5 Bg4 5. d4 e6 6. Be2 Bxf3 7. Bxf3 Nge7 8. Na3
cxd4 9. cxd4 Nf5 10. Nc2 Qa5+ 11. Bd2 Bb4 12. Nxb4 Nxb4 13. O-O Qb6 14. Bc3 Nc6
15. g3 Nfxd4 16. Bg2 O-O 17. Re1 Nf5 18. Bh3 Nfe7 19. b4 a6 20. Rb1 Rfd8 21. a4
d4 22. Bd2 Qc7 23. Rc1 Qb8 24. f4 b5 25. Bg2 Qb7 26. Rc5 bxa4 27. Qxa4 Rac8 28.
Rec1 Qd7 29. Bxc6 Nxc6 30. Rxc6 d3 31. Rxc8 Qd4+ 32. Kf1 h6 33. Rxd8+ Qxd8 34.
Qxa6 Qd5 35. Qc8+ Kh7 36. Qc6 Qa2 37. Qe4+ f5 38. exf6+ Kg8 39. Qxd3 Qa8 40.
Kf2 Qa7+ 41. Be3 Qb7 42. Qg6 1-0

[Event "10. Open Internacional de Galapagar"]
[Site "Galapagar ESP"]
[Date "2009.07.21"]
[Round "4.36"]
[White "Cavalle Pulla, Daniel"]
[Black "Perez Cameselle, Francisco Jose"]
[Result "1-0"]
[WhiteElo "1785"]
[BlackElo "1958"]
[PlyCount "55"]
[EventDate "2009.07.18"]
[EventType "swiss"]
[EventRounds "9"]
[EventCountry "ESP"]
[Source "lmi"]
[SourceDate "2009.07.18"]

1. e4 g6 2. d4 c6 3. Nc3 Bg7 4. Be3 d6 5. h3 Nf6 6. a4 a5 7. g4 h6 8. g5 Nfd7
9. f4 c5 10. Nb5 Nc6 11. d5 Na7 12. c3 O-O 13. Nf3 Nxb5 14. Bxb5 Nb6 15. Nh4 e6
16. dxe6 Bxe6 17. f5 gxf5 18. exf5 Bc4 19. Qh5 Bxb5 20. axb5 Qe8 21. Kf2 Qxb5
22. f6 Qxb2+ 23. Kf3 Rfe8 24. Rae1 Qxc3 25. Nf5 Bf8 26. Nxh6+ Bxh6 27. Qxh6
Rxe3+ 28. Rxe3 1-0

[Event "10. Open Internacional de Galapagar"]
[Site "Galapagar ESP"]
[Date "2009.07.21"]
[Round "4.37"]
[White "Camarero Izquierdo, Juan Carlos"]
[Black "Carrasco Espasandin, Pablo"]
[Result "1-0"]
[WhiteElo "1950"]
[BlackElo "1785"]
[PlyCount "79"]
[EventDate "2009.07.18"]
[EventType "swiss"]
[EventRounds "9"]
[EventCountry "ESP"]
[Source "lmi"]
[SourceDate "2009.07.18"]

1. e4 d5 2. e5 Bf5 3. d4 e6 4. Bd3 Bxd3 5. Qxd3 c5 6. Nf3 Nc6 7. c3 cxd4 8.
cxd4 Bb4+ 9. Nc3 Nge7 10. O-O Nf5 11. a3 Ba5 12. b4 Bb6 13. Be3 a6 14. Rac1 O-O
15. Na4 Rc8 16. Nc5 Bxc5 17. Rxc5 f6 18. Rfc1 Nxe3 19. Qxe3 f5 20. R1c3 f4 21.
Qc1 Qe8 22. a4 Ne7 23. Rc7 b5 24. a5 Rxc7 25. Rxc7 Nf5 26. Rc6 Qd7 27. h3 Ne7
28. Rxa6 Qc8 29. Qxc8 Rxc8 30. Rxe6 Nc6 31. Rd6 Nxb4 32. Rb6 Nc6 33. Rxb5 Ra8
34. Rxd5 Nxa5 35. Rd7 Nc4 36. e6 Re8 37. d5 Nb6 38. Rd6 Nc8 39. Ra6 Kf8 40. d6
1-0

[Event "10. Open Internacional de Galapagar"]
[Site "Galapagar ESP"]
[Date "2009.07.22"]
[Round "5.1"]
[White "Gomez Garrido, Camilo"]
[Black "Guerra Mendez, Jose Angel"]
[Result "1/2-1/2"]
[WhiteElo "2461"]
[BlackElo "2408"]
[PlyCount "25"]
[EventDate "2009.07.18"]
[EventType "swiss"]
[EventRounds "9"]
[EventCountry "ESP"]
[Source "lmi"]
[SourceDate "2009.07.18"]

1. e4 c5 2. Nf3 d6 3. Bb5+ Bd7 4. Bxd7+ Qxd7 5. O-O Nf6 6. e5 dxe5 7. Nxe5 Qc8
8. Qf3 e6 9. d3 Nbd7 10. Bf4 Be7 11. Nc3 Nxe5 12. Bxe5 O-O 13. Rfe1 1/2-1/2

[Event "10. Open Internacional de Galapagar"]
[Site "Galapagar ESP"]
[Date "2009.07.22"]
[Round "5.2"]
[White "Gomez Ledo, Roberto Carlos"]
[Black "Adan Bermudez, Sergio"]
[Result "1/2-1/2"]
[WhiteElo "2404"]
[BlackElo "2265"]
[PlyCount "71"]
[EventDate "2009.07.18"]
[EventType "swiss"]
[EventRounds "9"]
[EventCountry "ESP"]
[Source "lmi"]
[SourceDate "2009.07.18"]

1. d4 Nf6 2. Bg5 e6 3. e4 h6 4. Bxf6 Qxf6 5. Nc3 Bb4 6. a3 Bxc3+ 7. bxc3 d6 8.
Bd3 e5 9. Ne2 Nc6 10. Qd2 Bd7 11. Qe3 g5 12. Rb1 b6 13. Bb5 a6 14. Bxc6 Bxc6
15. O-O h5 16. c4 Bd7 17. c3 Be6 18. Qd3 Qe7 19. Rfe1 h4 20. Nc1 f6 21. Nb3 g4
22. Nd2 a5 23. Nf1 Rd8 24. Ne3 Qh7 25. Nd5 Bxd5 26. cxd5 Qh6 27. Rb2 Qf4 28.
Rf1 Ke7 29. f3 gxf3 30. Qxf3 Qxf3 31. Rxf3 Rdg8 32. Rbf2 Rh6 33. h3 Rg5 34. Rf5
Rhg6 35. R5f3 Rg3 36. Kf1 1/2-1/2

[Event "10. Open Internacional de Galapagar"]
[Site "Galapagar ESP"]
[Date "2009.07.22"]
[Round "5.3"]
[White "Fernandez Blazquez, Diego"]
[Black "Garrido Dominguez, Jesus"]
[Result "1/2-1/2"]
[WhiteElo "2108"]
[BlackElo "2333"]
[PlyCount "187"]
[EventDate "2009.07.18"]
[EventType "swiss"]
[EventRounds "9"]
[EventCountry "ESP"]
[Source "lmi"]
[SourceDate "2009.07.18"]

1. d4 d6 2. Nf3 Nf6 3. c4 g6 4. Nc3 Bg7 5. e4 Na6 6. Be2 O-O 7. O-O e5 8. Be3
Ng4 9. Bg5 Qe8 10. h3 f6 11. Bc1 Nh6 12. dxe5 dxe5 13. Be3 Nf7 14. a3 f5 15.
exf5 gxf5 16. Ng5 Nxg5 17. Bxg5 Be6 18. Bh5 Bf7 19. Bxf7+ Qxf7 20. Qd5 c6 21.
Qxf7+ Rxf7 22. Rad1 Nc5 23. Be3 Ne6 24. Rd3 f4 25. Bc1 Nc5 26. Rf3 Rd8 27. b4
e4 28. Rxf4 Rxf4 29. Bxf4 Ne6 30. Ne2 Rd3 31. Be3 Rxa3 32. Rb1 Be5 33. g4 Kf7
34. Kg2 Ra2 35. Ng3 Bxg3 36. Kxg3 Ra3 37. Kg2 Rc3 38. b5 cxb5 39. cxb5 Kf6 40.
Bxa7 Nf4+ 41. Kg1 Nxh3+ 42. Kh2 Rf3 43. Rb2 Kg5 44. Re2 e3 45. Rxe3 Rxe3 46.
fxe3 Kxg4 47. Kg2 Ng5 48. Bb8 Ne4 49. Bc7 h5 50. Bb8 h4 51. Bc7 h3+ 52. Kh2 Ng5
53. Bd8 Nf3+ 54. Kh1 Nd2 55. Kh2 Nf1+ 56. Kg1 Nxe3 57. Bc7 Nd5 58. b6 Nf4 59.
Kh2 Ng6 60. Bd6 Nh4 61. Bc7 Nf3+ 62. Kh1 Kf5 63. Bd6 Ke6 64. Bc7 Kd7 65. Bf4
Kc6 66. Bc7 Nd4 67. Kh2 Ne6 68. Be5 Kxb6 69. Kxh3 Kc5 70. Kg4 Kd5 71. Ba1 Ke4
72. Kg3 Ke3 73. Kg2 b5 74. Kf1 Nd4 75. Bc3 Kd3 76. Ba5 Nc6 77. Be1 Ne5 78. Ba5
Nc4 79. Bb4 Ne3+ 80. Kf2 Kc4 81. Ba5 Nd5 82. Ke2 Kb3 83. Kd3 Nb4+ 84. Kd2 Nc6
85. Bc3 Nb4 86. Be5 Kc4 87. Bd6 Nd3 88. Ba3 Nb4 89. Kc1 Kb3 90. Bxb4 Kxb4 91.
Kb2 Kc4 92. Kc2 b4 93. Kb2 b3 94. Kb1 1/2-1/2

[Event "10. Open Internacional de Galapagar"]
[Site "Galapagar ESP"]
[Date "2009.07.22"]
[Round "5.4"]
[White "Sanchez Gonzalez, Sergio"]
[Black "Prada Lopez, Miguel Angel"]
[Result "1/2-1/2"]
[WhiteElo "2305"]
[BlackElo "2151"]
[PlyCount "70"]
[EventDate "2009.07.18"]
[EventType "swiss"]
[EventRounds "9"]
[EventCountry "ESP"]
[Source "lmi"]
[SourceDate "2009.07.18"]

1. c4 Nf6 2. Nc3 g6 3. e4 d6 4. g3 Bg7 5. Bg2 O-O 6. Nge2 c5 7. O-O Nc6 8. Rb1
Ne8 9. a3 a5 10. d3 Nc7 11. Be3 e5 12. f4 Rb8 13. Kh1 Bd7 14. fxe5 Nxe5 15. Bg1
b5 16. cxb5 Nxb5 17. Nd5 Bg4 18. h3 Bxe2 19. Qxe2 Nd4 20. Bxd4 cxd4 21. b4 axb4
22. axb4 Qd7 23. Rb3 Qb5 24. Rc1 Rb7 25. Qc2 Bh6 26. Ra1 Rfb8 27. Ra5 Qxa5 28.
bxa5 Rxb3 29. Qc7 Be3 30. Kh2 Rb2 31. h4 Ng4+ 32. Kh3 Nf2+ 33. Kh2 Ng4+ 34. Kh3
Nf2+ 35. Kh2 Ng4+ 1/2-1/2

[Event "10. Open Internacional de Galapagar"]
[Site "Galapagar ESP"]
[Date "2009.07.22"]
[Round "5.5"]
[White "Ortiz Suarez, Isam"]
[Black "Avendano Mateos, Jose"]
[Result "1-0"]
[WhiteElo "2504"]
[BlackElo "1925"]
[PlyCount "49"]
[EventDate "2009.07.18"]
[EventType "swiss"]
[EventRounds "9"]
[EventCountry "ESP"]
[Source "lmi"]
[SourceDate "2009.07.18"]

1. e4 c6 2. d4 d5 3. Nc3 dxe4 4. Nxe4 g6 5. h3 Bg7 6. Nf3 Nd7 7. Bd3 Ngf6 8.
Nxf6+ Nxf6 9. O-O O-O 10. Re1 b6 11. Qe2 e6 12. Bf4 Bb7 13. Rad1 Nd5 14. Be5
Rc8 15. c4 Nc7 16. Nd2 c5 17. Bxg7 Kxg7 18. dxc5 bxc5 19. Be4 Bxe4 20. Nxe4 Qe7
21. Nd6 Rb8 22. Qe5+ Qf6 23. Qxc5 Na8 24. b3 Kg8 25. Ne4 1-0

[Event "10. Open Internacional de Galapagar"]
[Site "Galapagar ESP"]
[Date "2009.07.22"]
[Round "5.6"]
[White "Sanchez Alarcos Galian, Victor"]
[Black "Almagro Llamas, Pablo"]
[Result "0-1"]
[WhiteElo "2146"]
[BlackElo "2481"]
[PlyCount "82"]
[EventDate "2009.07.18"]
[EventType "swiss"]
[EventRounds "9"]
[EventCountry "ESP"]
[Source "lmi"]
[SourceDate "2009.07.18"]

1. d4 d5 2. c4 c6 3. Nc3 Nf6 4. e3 a6 5. Nf3 b5 6. c5 Nbd7 7. Bd2 g6 8. b4 Bg7
9. Bd3 O-O 10. a4 Bb7 11. O-O Qc7 12. h3 Rfe8 13. Qc2 e5 14. dxe5 Nxe5 15. Nxe5
Qxe5 16. Ne2 Ne4 17. Nd4 Nxd2 18. Qxd2 Qg5 19. Rfd1 h5 20. Bf1 Qe7 21. Ra3 f5
22. Rda1 f4 23. exf4 Qf6 24. Nc2 Rad8 25. axb5 cxb5 26. Re3 d4 27. Rxe8+ Rxe8
28. Re1 Rd8 29. Bd3 h4 30. Qe2 Bd5 31. Qe7 Bc4 32. Qxf6 Bxf6 33. Rd1 Kf7 34.
Na3 Bxd3 35. Rxd3 Ke6 36. Kf1 Kd5 37. Ke2 a5 38. Nxb5 axb4 39. Nc7+ Kc4 40. Rd1
d3+ 41. Kd2 Bc3+ 0-1

[Event "10. Open Internacional de Galapagar"]
[Site "Galapagar ESP"]
[Date "2009.07.22"]
[Round "5.7"]
[White "Moreno Rodriguez, Jose M"]
[Black "Roa Alonso, Santiago"]
[Result "0-1"]
[WhiteElo "2058"]
[BlackElo "2445"]
[PlyCount "86"]
[EventDate "2009.07.18"]
[EventType "swiss"]
[EventRounds "9"]
[EventCountry "ESP"]
[Source "lmi"]
[SourceDate "2009.07.18"]

1. e4 d6 2. Nf3 Nf6 3. Nc3 g6 4. g3 Bg7 5. Bg2 O-O 6. O-O c5 7. d3 Nc6 8. Bg5
h6 9. Be3 Rb8 10. Rb1 b5 11. Nd2 b4 12. Ne2 Ng4 13. Bf4 e5 14. Be3 Nxe3 15.
fxe3 h5 16. Nc1 h4 17. Qe1 Bf6 18. Nf3 Kg7 19. Kf2 Be6 20. Ke2 hxg3 21. hxg3
Rh8 22. Rh1 Rxh1 23. Qxh1 Qe7 24. b3 Rh8 25. Qg1 Bg4 26. Kd2 Bg5 27. Ne2 Nd4
28. Rf1 Bh6 29. Qf2 a5 30. Neg1 a4 31. Ne1 axb3 32. axb3 Ra8 33. Bh3 Bxh3 34.
Nxh3 Ra2 35. Kd1 Nb5 36. g4 Nc3+ 37. Kd2 Kg8 38. Nf3 Qa7 39. Rc1 Qa3 40. Qf1
Qxb3 41. Nfg5 Kg7 42. Nxf7 Qxf7 43. g5 Rxc2+ 0-1

[Event "10. Open Internacional de Galapagar"]
[Site "Galapagar ESP"]
[Date "2009.07.22"]
[Round "5.8"]
[White "Moreno Ruiz, Javier"]
[Black "Rodriguez Perez, Angel Mariano"]
[Result "1-0"]
[WhiteElo "2418"]
[BlackElo "2053"]
[PlyCount "79"]
[EventDate "2009.07.18"]
[EventType "swiss"]
[EventRounds "9"]
[EventCountry "ESP"]
[Source "lmi"]
[SourceDate "2009.07.18"]

1. c4 d6 2. g3 g6 3. Bg2 Bg7 4. Nc3 c5 5. a3 Nc6 6. Rb1 a5 7. Nf3 Nf6 8. d4 Bf5
9. Ra1 Nxd4 10. Nxd4 cxd4 11. Qxd4 Rb8 12. O-O O-O 13. Qh4 Bd7 14. Bg5 Re8 15.
Rab1 Bc6 16. e4 h5 17. Nd5 b5 18. b3 Ba8 19. Rfd1 Nxd5 20. exd5 Bf6 21. Bxf6
exf6 22. Qd4 Kg7 23. Bf1 bxc4 24. bxc4 Qc7 25. Rb5 Rec8 26. a4 Rb7 27. Rdb1
Rcb8 28. R1b3 Rxb5 29. axb5 Bb7 30. Rf3 Qe7 31. Re3 Qc7 32. Rf3 Qe7 33. Ra3 Ra8
34. Qb6 Bc8 35. Re3 Qd7 36. Qc6 Ra7 37. b6 Ra6 38. Qxd7 Bxd7 39. c5 Ra8 40. b7
1-0

[Event "10. Open Internacional de Galapagar"]
[Site "Galapagar ESP"]
[Date "2009.07.22"]
[Round "5.10"]
[White "Castano Vanegas, Henry Augusto"]
[Black "Sotoca Aguado, Jose"]
[Result "1-0"]
[WhiteElo "2237"]
[BlackElo "2023"]
[PlyCount "67"]
[EventDate "2009.07.18"]
[EventType "swiss"]
[EventRounds "9"]
[EventCountry "ESP"]
[Source "lmi"]
[SourceDate "2009.07.18"]

1. e4 e5 2. Nf3 Nc6 3. Nc3 Nf6 4. Bb5 d6 5. d4 exd4 6. Qxd4 Bd7 7. Bxc6 Bxc6 8.
Bg5 Be7 9. O-O-O O-O 10. Rhe1 h6 11. Bf4 Nh5 12. Bd2 Bf6 13. Qd3 Be5 14. Nxe5
dxe5 15. Qh3 Nf6 16. Bxh6 Qc8 17. Qxc8 Raxc8 18. Bg5 Ng4 19. f3 Nh6 20. Nd5
Bxd5 21. Rxd5 f6 22. Be3 Nf7 23. Red1 b6 24. c4 Nd6 25. b3 Rfe8 26. h4 Kf7 27.
g4 Ke6 28. Kc2 Re7 29. a4 Nb7 30. Kc3 g6 31. Rh1 f5 32. Bg5 Rh7 33. exf5+ gxf5
34. Re1 1-0

[Event "10. Open Internacional de Galapagar"]
[Site "Galapagar ESP"]
[Date "2009.07.22"]
[Round "5.11"]
[White "Beltran de Heredia Eguiaz, Miguel A"]
[Black "Ramirez Garcia, Jorge Alberto"]
[Result "1-0"]
[WhiteElo "2041"]
[BlackElo "2203"]
[PlyCount "67"]
[EventDate "2009.07.18"]
[EventType "swiss"]
[EventRounds "9"]
[EventCountry "ESP"]
[Source "lmi"]
[SourceDate "2009.07.18"]

1. e4 e6 2. d4 d5 3. Nc3 Nf6 4. Bg5 Be7 5. e5 Nfd7 6. Bxe7 Qxe7 7. f4 a6 8. Nf3
c5 9. dxc5 Qxc5 10. Qd2 Nc6 11. O-O-O b5 12. Ne2 Nb6 13. Ned4 Bd7 14. h4 b4 15.
h5 h6 16. Rh3 a5 17. Rg3 Rg8 18. Nxc6 Qxc6 19. Kb1 Na4 20. Nd4 Qb6 21. Nb3 Rc8
22. f5 Qc7 23. fxe6 fxe6 24. Re1 Nc5 25. Nxc5 Qxc5 26. Bd3 Qe7 27. Bg6+ Kd8 28.
Qf2 a4 29. Qb6+ Rc7 30. Rf1 Rf8 31. Rxf8+ Qxf8 32. Rf3 Qe7 33. Rf7 Qh4 34. Rf8+
1-0

[Event "10. Open Internacional de Galapagar"]
[Site "Galapagar ESP"]
[Date "2009.07.22"]
[Round "5.12"]
[White "Fernandez Garcia, Ignacio"]
[Black "Salcedo Tornero, Pablo"]
[Result "0-1"]
[WhiteElo "1958"]
[BlackElo "2163"]
[PlyCount "124"]
[EventDate "2009.07.18"]
[EventType "swiss"]
[EventRounds "9"]
[EventCountry "ESP"]
[Source "lmi"]
[SourceDate "2009.07.18"]

1. e4 d6 2. Nc3 g6 3. d4 Bg7 4. Be3 Nf6 5. f3 c6 6. Qd2 b5 7. Bh6 Bxh6 8. Qxh6
b4 9. Nce2 Qa5 10. Qd2 Ba6 11. Nh3 Nbd7 12. Ng3 Rb8 13. Bxa6 Qxa6 14. Qd3 Qb5
15. Ne2 c5 16. Qxb5 Rxb5 17. Nf2 O-O 18. O-O-O Rc8 19. f4 Ra5 20. e5 Ne8 21.
Kb1 c4 22. g4 Nb6 23. h4 Nd5 24. Rh3 Rc6 25. Ne4 Rca6 26. Nc1 Nxf4 27. Rf3 dxe5
28. dxe5 Ne6 29. Rdf1 Rxe5 30. Ng3 Nd6 31. h5 Rg5 32. hxg6 hxg6 33. Rh1 Rxg4
34. Nge2 Ng5 35. Rf2 Rc6 36. Rfh2 Kg7 37. c3 a5 38. Nd4 Rc8 39. Nce2 bxc3 40.
bxc3 e5 41. Nc2 Rb8+ 42. Ka1 Nf5 43. Rd1 Nf3 44. Rf2 e4 45. Ned4 N5xd4 46. cxd4
Rg1 47. Rxg1 Nxg1 48. Ne3 Nf3 49. Nxc4 Nxd4 50. Rd2 Nc6 51. Rd7 Re8 52. Nd6 Re7
53. Rxe7 Nxe7 54. Nxe4 f5 55. Nf2 g5 56. Kb2 g4 57. Kc3 Kf6 58. Kd4 Kg5 59. Ke3
Nd5+ 60. Kd4 Nf4 61. Nh1 Ne2+ 62. Ke3 Nc3 0-1